| 000 | 00810nam a22002057a 4500 | ||
|---|---|---|---|
| 999 |
_c371153 _d371153 |
||
| 008 | 201127b ||||| |||| 00| 0 eng d | ||
| 040 |
_aDE-2950 _bger _cDE-2950 _erda |
||
| 041 | _ager | ||
| 100 | _aMahlke, Lisa: | ||
| 245 |
_aFrankfurts Schulen versuchen Defizite aufzuholen. _bBildung: Bei manch einem Schüler muss die Motivation wieder geweckt werden. Aber wie gut kann das gelingen, wenn bald schon wieder keine Präsenzpflicht gilt? / _cLisa Mahlke |
||
| 264 | _c2021 | ||
| 653 | _aFrankfurt (Oder) | ||
| 653 | _aPandemie / Corona | ||
| 653 | _aSchulen | ||
| 773 |
_dFrankfurt (Oder) Märkisches Verlags- und Druckhaus GmbH & Co KG _tMärkische Oderzeitung _g32. Jahrgang (2021) Nr. 277 vom 26.11.2021, S. 15 |
||
| 942 | _cA | ||